000 00263nam a2200109Ia 4500
008 220120s9999||||xx |||||||||||||| ||und||
100 _aKestoor, Praveen
245 0 _aMechanical Engineering
260 _bBangalore
300 _a320p.
_b135
650 _aELECTRONICS
999 _c137349
_d137349